000
00266nam a22001217a 4500
008
181003b xxu||||| |||| 00| 0 eng d
041
_a
eng
080
_a
316
100
_a
50
101
_a
SOC
245
_a
The olack Underclass
_c
Glasgow.D.G
942
_2
udc
_c
BK
999
_c
48795
_d
48795